Statistiche per Comuni della Provincia di Parma

Clicka qui per fare il quiz!

Statistiche generali

  • Questo quiz è stato fatto 27 volte
  • Il punteggio medio è 25 su 44

Statistiche sulle risposte

Comune% Corretto
Fidenza
95%
Parma
89%
Salsomaggiore Terme
89%
Collecchio
79%
Busseto
74%
Colorno
74%
Felino
74%
Langhirano
74%
Noceto
74%
Borgo Val di Taro
68%
Bardi
63%
Fornovo di Taro
63%
Neviano degli Arduini
63%
Sorbolo Mezzani
63%
Traversetolo
63%
Bedonia
58%
Berceto
58%
Calestano
58%
Fontevivo
58%
Lesignano de' Bagni
58%
Medesano
58%
Roccabianca
58%
Tizzano Val Parma
58%
Albareto
53%
Corniglio
53%
Montechiarugolo
53%
Polesine Zibello
53%
Sala Baganza
53%
San Secondo Parmense
53%
Sissa Trecasali
53%
Soragna
53%
Monchio delle Corti
47%
Solignano
47%
Varano de' Melegari
47%
Bore
42%
Varsi
42%
Pellegrino Parmense
37%
Tornolo
37%
Torrile
37%
Valmozzola
37%
Compiano
32%
Palanzano
32%
Terenzo
32%
Fontanellato
21%

Distribuzione punteggi

Percentile per numero di risposta

Percentuale di utenti per punteggio

I tuoi punteggi nel tempo

Non hai fatto questo quiz